000 00269nam a22001217a 4500
040 _cHS
082 _a345
100 _aNA
245 _aការស៊ើបអង្កេតវិវាទដីធ្លី
260 _aNA
_bNA
_cNA
300 _a35p;
942 _cKB
999 _c10204
_d10204